| 000 | 00668nam a22001697a 4500 | ||
|---|---|---|---|
| 008 | 111117s197? ua|||||r|||| 000 0 ara d | ||
| 082 |
_222 _a742 _bا ل ل |
||
| 100 |
_927780 _aعبد الله ، محمد أحمد |
||
| 245 |
_aالإظهار المعماري / _cمحمد أحمد عبد الله |
||
| 250 | _aط2 | ||
| 260 |
_a[القاهرة] : _b[د.ن] ، [?197] _c[197?] |
||
| 300 |
_a204 ص : _bأيض ؛ _c22 سم |
||
| 650 |
_927781 _aالرسم المنظور |
||
| 650 |
_927782 _aالرسم الهندسي |
||
| 942 |
_2ddc _cBB |
||
| 999 |
_c16226 _d16226 |
||